|
|
|
|
| LEADER |
01197nam a2200289 a 4500 |
| 001 |
GR-MES5260 |
| 008 |
991111s1992 enk 000 b eng d |
| 020 |
|
|
|a 079231851X
|
| 040 |
|
|
|a GrPaTEI
|b gre
|c GR-PaULI
|
| 245 |
0 |
0 |
|a Water saving techniques for plant growth.
|
| 260 |
|
|
|a London :
|b Kluwer,
|c 1992
|
| 300 |
|
|
|a 241σ.
|
| 490 |
1 |
|
|a NATO ASI
|
| 500 |
|
|
|a Περιλαμβάνει ευρετήριο.
|
| 650 |
|
4 |
|a Αγροκτήματα
|
| 650 |
|
4 |
|a Κονγκρεσσο
|
| 650 |
|
4 |
|a Νερό
|
| 650 |
|
4 |
|a Σπάρτα
|
| 700 |
1 |
|
|a Boodt, M.
|
| 700 |
1 |
|
|a Strooper, E.
|
| 700 |
1 |
|
|a Verplancke, H.
|
| 710 |
0 |
|
|a Kluwer
|
| 830 |
|
0 |
|1 0015812
|1 2001
|a Διεθνές συνέδριο : Διεύρυνση της Ευρωπαϊκής ένωσης & νοτιοανατολική Ευρώπη : Επιμέλεια: Μιχάλης Χρηστάκης
|
| 942 |
|
|
|2 ddc
|
| 952 |
|
|
|0 0
|1 0
|2 ddc
|4 0
|6 631_709000000000000_154_VER
|7 0
|9 275825
|a MSLG
|b MSLG
|c BSC
|d 2021-01-17
|e 24
|f 0
|g 0.00
|l 0
|o 631.709 154 VER
|p 2420000015492
|r 2021-01-17 00:00:00
|t 1
|v 2021.00
|w 2021-01-17
|y BK15
|x Μεταφορά από Αμαλιάδα (18/10/22)
|x GrPaTEI
|
| 971 |
|
|
|a .b25837278
|b 15-04-20
|c 14-09-16
|
| 999 |
|
|
|c 159881
|d 159881
|